Commentary on Isaiah / (Record no. 10350)

MARC details
000 -LEADER
fixed length control field 01548cam a2200361 i 4500
001 - CONTROL NUMBER
control field 17756064
003 - CONTROL NUMBER IDENTIFIER
control field GBCCL
005 - DATE AND TIME OF LATEST TRANSACTION
control field 20241126110730.0
008 - FIXED-LENGTH DATA ELEMENTS--GENERAL INFORMATION
fixed length control field 130529s2013 ilu b 001 0 eng
010 ## -
-- 2013015283
020 ## - INTERNATIONAL STANDARD BOOK NUMBER
International Standard Book Number 9780830829132 (hardcover : alk. paper)
040 ## - CATALOGING SOURCE
Original cataloging agency DLC
Language of cataloging eng
Description conventions rda
Transcribing agency DLC
Modifying agency DLC
041 1# -
-- eng
-- grc
042 ## -
-- pcc
050 00 -
-- BS1515.53
-- .E9713 2013
082 00 - DEWEY DECIMAL CLASSIFICATION NUMBER
Classification number 220.7
-- 224/.107
Edition information 23
Item number ANC
100 0# - MAIN ENTRY--PERSONAL NAME
Personal name Eusebius,
Titles and words associated with a name of Caesarea, Bishop of Caesarea,
Dates associated with a name approximately 260-approximately 340.
9 (RLIN) 17962
240 10 -
-- Commentaria in Hesaiam.
-- English
245 10 - TITLE STATEMENT
Title Commentary on Isaiah /
Statement of responsibility, etc. Eusebius of Caesarea ; translated with an introduction and notes by Jonathan J. Armstrong ; edited by Joel C. Elowsky.
264 #1 - PRODUCTION, PUBLICATION, DISTRIBUTION, MANUFACTURE, AND COPYRIGHT NOTICE
Place of production, publication, distribution, manufacture Downers Grove, Illinois :
Name of producer, publisher, distributor, manufacturer IVP Academic, an imprint of InterVarsity Press,
Date of production, publication, distribution, manufacture, or copyright notice [2013]
300 ## - PHYSICAL DESCRIPTION
Extent xxxiv, 332 pages ;
Dimensions 26 cm.
336 ## - CONTENT TYPE
Content type term text
Source rdacontent
337 ## - MEDIA TYPE
Media type term unmediated
Source rdamedia
338 ## - CARRIER TYPE
Carrier type term volume
Source rdacarrier
490 0# - SERIES STATEMENT
Series statement Ancient Christian texts
504 ## - BIBLIOGRAPHY, ETC. NOTE
Bibliography, etc. note Includes bibliographical references and indexes.
630 00 - SUBJECT ADDED ENTRY--UNIFORM TITLE
Uniform title Bible.
Name of part/section of a work Isaiah
Form subdivision Commentaries
-- Early works to 1800.
9 (RLIN) 17963
700 1# - ADDED ENTRY--PERSONAL NAME
Personal name Armstrong, Jonathan J.,
Dates associated with a name 1980-
9 (RLIN) 17964
700 1# - ADDED ENTRY--PERSONAL NAME
Personal name Elowsky, Joel C.,
Dates associated with a name 1963-
9 (RLIN) 17965
906 ## - LOCAL DATA ELEMENT F, LDF (RLIN)
a 7
b cbc
c orignew
d 1
e ecip
f 20
g y-gencatlg
942 ## - ADDED ENTRY ELEMENTS (KOHA)
Source of classification or shelving scheme Dewey Decimal Classification
Koha item type Reference Books
Holdings
Withdrawn status Lost status Source of classification or shelving scheme Damaged status Not for loan Home library Current Library Shelving location Date acquired Total checkouts Full call number Barcode Date last seen Copy number Price effective from Koha item type
    Dewey Decimal Classification     GRACE BIBLE COLLEGE GRACE BIBLE COLLEGE Commentary 2024-06-27   220.7 ANC 016977 2025-05-01 c.1 2024-06-27 Reference Books
© Grace Bible College Library 2025